LEADER 01037nam0-22002651i-450- 001 990006280980403321 005 19980601 035 $a000628098 035 $aFED01000628098 035 $a(Aleph)000628098FED01 035 $a000628098 100 $a19980601d1966----km-y0itay50------ba 105 $a--------00-yy 200 1 $aCOMITATO tecnico di studio per l'accertamento degli oneri che potranno derivare alla finanza pubblica dalla istituzione e dal funzionamento delle regioni a statuto ordinario$f(a curadella Presidenza del Consiglio dei Ministri). 210 $aRoma$cIstituto Poligrafico dello Stato$d1966 215 $a197 p.$d24 cm 676 $a336.014 801 0$aIT$bUNINA$gRICA$2UNIMARC 901 $aBK 912 $a990006280980403321 952 $aXIV P 14$b80407$fFGBC 959 $aFGBC 996 $aCOMITATO tecnico di studio per l'accertamento degli oneri che potranno derivare alla finanza pubblica dalla istituzione e dal funzionamento delle regioni a statuto ordinario$9639638 997 $aUNINA DB $aGIU01 LEADER 01386nam--2200421---450- 001 990001111190203316 005 20050310124352.0 010 $a88-87753-89-X 035 $a000111119 035 $aUSA01000111119 035 $a(ALEPH)000111119USA01 035 $a000111119 100 $a20021204d2004----km-y0enga50------ba 101 $aita 102 $aIT 105 $a||||||||001yy 200 1 $aIgiene edilizia e ambientale$fCarlo Signorelli, Daniela S'Alessandro, Stefano Capolongo$gpresentazione di Gaetano M . Fara 205 $a2. ed 210 $aRoma$cSocietā Editrice Universo$d2000 215 $aXVII, 493 p.$d24 cm 606 0 $aEdifci$xIgiene 676 $a363.729 700 1$aSIGNORELLI,$bCarlo$079234 701 1$aCAPOLONGO,$bStefano$0505640 701 1$aD'ALESSANDRO,$bDaniela$0554420 801 0$aIT$bsalbc$gISBD 912 $a990001111190203316 951 $a363.729 SIG (A)$b178573 L.M.$c363.729 SIG$d00131674 951 $a363.729 SIG (B)$b178571 L.M.$c363.729 SIG$d00131664 951 $a363.729 SIG (C)$b178572 L.M.$c363.729 SIG$d00131669 959 $aBK 969 $aUMA 979 $aMARIA$b10$c20021204$lUSA01$h1020 979 $aPATRY$b90$c20040406$lUSA01$h1717 979 $aMARIASEN$b90$c20050310$lUSA01$h1243 979 $aFIORELLA$b90$c20081031$lUSA01$h0955 996 $aIgiene edilizia e ambientale$9981272 997 $aUNISA